书目信息 |
| 书名: | THE THEORY AND SERVICING OF AM,FM,AND FM STEREO RECEIVERS | |
| 作者: | CLARENCE R.GREEN and ROBERT M.BOUROUE. | |
| 分册号: | ||
| 分册名: | 出版地: | New Jersey : |
|
| 出版社: | PRENTICE-HALL,INC | |
| 出版时间: | c1980. | |
| 页数: | 583 p. ; | |
| 开本: | 24cm. | |
| 丛书名: | ||
| 中图分类号: | ||
| 科图分类号: | ||
| 其他分类号: | TN852 | |
| 主题词: | ||
| 电子资源: | ||
| 000 | 00444nam 2200145 a 4500 | |
| 001 | E0736987675 | |
| 005 | 20070508102003.54 | |
| 008 | 070508s1980 00010 eng | |
| 020 | @a0-13-913490-1. | |
| 040 | @aPFT@beng | |
| 090 | @aTN852 | |
| 099 | @dTN852@ex19 | |
| 245 | 1 | @aTHE THEORY AND SERVICING OF AM,FM,AND FM STEREO RECEIVERS / @cCLARENCE R.GREEN and ROBERT M.BOUROUE. |
| 260 | @aNew Jersey :@bPRENTICE-HALL,INC,@cc1980. | |
| 300 | @a583 p. ;@c24cm. | |
| THE THEORY AND SERVICING OF AM,FM,AND FM STEREO RECEIVERS / / CLARENCE R.GREEN and ROBERT M.BOUROUE.-New Jersey : : PRENTICE-HALL,INC, , c1980. |
| 583 p. ; ; 24cm. |
| ISBN 0-13-913490-1. |
| ● |
| 相关链接 |
|
|
|
|
正题名:THE THEORY AND SERVICING OF AM,FM,AND FM STEREO RECEIVERS
索取号:TN852/x19
 
预约/预借
| 序号 | 登录号 | 条形码 | 馆藏地/架位号 | 状态 | 备注 |
| 1 | 73428 | 000634987 | 第二样本阅览室/ [索取号:TN852/x19] | 在馆 |